000 00404nam a2200145Ia 4500
008 231129s2000||||xx |||||||||||||| ||spa||
020 _a84-481-1254-7
040 _bspa
082 _a370.78 B928m
100 _aBuendí­a Eisman Leonor
245 0 _aMétodos de investigación en psicopedagogí­a
260 _c2000
264 _aMcGraw-Hill
942 _2ddc
_cBKS
999 _c21058
_d21058